[Event "O Pohár mìsta Øíèany 2015 - OPEN A"]
[Site "Øíèany"]
[Date "2015.08.27"]
[Round "7.1"]
[White "Plat, Vojtech"]
[Black "Mejzlik, Ondrej"]
[Result "1-0"]
[WhiteElo "2458"]
[BlackElo "2312"]
[PlyCount "0"]
[EventDate "2015.08.22"]

1. d4 {[%clk 1:30:57]} d5 {[%clk 1:30:50]} 2. c4 {[%clk 1:31:20]} c6
{[%clk 1:31:16]} 3. Nc3 {[%clk 1:31:40]} Nf6 {[%clk 1:31:40]} 4. cxd5
{[%clk 1:32:05]} cxd5 {[%clk 1:32:01]} 5. Bf4 {[%clk 1:32:30]} Nc6
{[%clk 1:32:06]} 6. e3 {[%clk 1:32:49]} e6 {[%clk 1:32:10]} 7. Rc1
{[%clk 1:33:02]} Bd6 {[%clk 1:29:58]} 8. Bxd6 {[%clk 1:33:27]} Qxd6
{[%clk 1:30:20]} 9. f4 {[%clk 1:33:56]} O-O {[%clk 1:30:29]} 10. Nf3
{[%clk 1:34:16]} a6 {[%clk 1:19:34]} 11. Bd3 {[%clk 1:33:17]} b5 {[%clk 1:17:11]}
12. Ne5 {[%clk 1:33:23]} Bb7 {[%clk 1:17:09]} 13. O-O {[%clk 1:33:23]} Ne7
{[%clk 1:17:10]} 14. Qf3 {[%clk 1:29:35]} Rac8 {[%clk 1:13:13]} 15. g4
{[%clk 1:30:00]} Qb4 {[%clk 1:09:02]} 16. Qg2 {[%clk 1:24:37]} Ne4
{[%clk 1:03:21]} 17. Bxe4 {[%clk 1:20:00]} dxe4 {[%clk 1:03:31]} 18. Nd7
{[%clk 1:20:19]} Rfd8 {[%clk 1:03:32]} 19. Nc5 {[%clk 1:20:44]} Rxc5
{[%clk 0:53:29]} 20. dxc5 {[%clk 1:20:42]} Qxc5 {[%clk 0:53:26]} 21. Qe2
{[%clk 1:20:17]} Qb6 {[%clk 0:44:59]} 22. Rfd1 {[%clk 1:20:11]} h5
{[%clk 0:41:55]} 23. Rxd8+ {[%clk 1:18:54]} Qxd8 {[%clk 0:42:06]} 24. Rd1
{[%clk 1:19:16]} Qb6 {[%clk 0:41:00]} 25. Qd2 {[%clk 1:19:27]} Kh7
{[%clk 0:34:02]} 26. Qd4 {[%clk 1:19:46]} Qc6 {[%clk 0:33:44]} 27. Qe5
{[%clk 1:20:07]} Nd5 {[%clk 0:28:38]} 28. Qxh5+ {[%clk 1:15:44]} Kg8
{[%clk 0:29:06]} 29. Nxd5 {[%clk 1:14:31]} exd5 {[%clk 0:29:29]} 30. Qe5
{[%clk 1:14:52]} Qc2 {[%clk 0:27:03]} 31. Re1 {[%clk 1:15:17]} Qc8
{[%clk 0:24:59]} 32. h3 {[%clk 1:15:32]} a5 {[%clk 0:21:25]} 33. Qc3
{[%clk 1:15:22]} Qd8 {[%clk 0:21:43]} 34. Rc1 {[%clk 1:15:22]} f5
{[%clk 0:09:10]} 35. Qe5 {[%clk 1:11:03]} Qh4 {[%clk 0:00:34]} 36. Kg2
{[%clk 1:11:28]} fxg4 {[%clk 0:00:55]} 37. Qe6+ {[%clk 1:11:55]} Kh7
{[%clk 0:00:53]} 38. hxg4 {[%clk 1:12:20]} 1-0

[Event "O Pohár mìsta Øíèany 2015 - OPEN A"]
[Site "Øíèany"]
[Date "2015.08.27"]
[Round "7.2"]
[White "Hollan, Petr"]
[Black "Svatos, Jan"]
[Result "1-0"]
[WhiteElo "2070"]
[BlackElo "2285"]
[PlyCount "0"]
[EventDate "2015.08.22"]

1. e4 {[%clk 1:30:20]} c6 {[%clk 1:30:51]} 2. d4 {[%clk 1:26:05]} d5
{[%clk 1:31:12]} 3. exd5 {[%clk 1:24:32]} cxd5 {[%clk 1:31:32]} 4. Bd3
{[%clk 1:24:35]} Nc6 {[%clk 1:31:37]} 5. c3 {[%clk 1:24:53]} Nf6 {[%clk 1:31:04]}
6. Bf4 {[%clk 1:25:01]} g6 {[%clk 1:30:36]} 7. Nf3 {[%clk 1:23:50]} Bg7
{[%clk 1:31:01]} 8. O-O {[%clk 1:23:37]} Nh5 {[%clk 1:16:49]} 9. Bg3
{[%clk 1:19:46]} O-O {[%clk 1:15:06]} 10. Re1 {[%clk 1:18:17]} Bg4
{[%clk 1:08:06]} 11. Nbd2 {[%clk 1:17:23]} Nxg3 {[%clk 1:08:26]} 12. hxg3
{[%clk 1:17:39]} Qd6 {[%clk 1:00:48]} 13. Be2 {[%clk 1:00:39]} Bf5
{[%clk 0:47:39]} 14. Nf1 {[%clk 0:57:37]} Rab8 {[%clk 0:45:07]} 15. Ne3
{[%clk 0:55:00]} Be6 {[%clk 0:42:13]} 16. c4 Rfd8 {[%clk 0:33:35]} 17. c5
{[%clk 0:32:24]} Qc7 {[%clk 0:33:15]} 18. Qd2 {[%clk 0:27:51]} b6
{[%clk 0:28:55]} 19. Rec1 {[%clk 0:27:14]} b5 {[%clk 0:16:00]} 20. b4
{[%clk 0:20:19]} Bf6 {[%clk 0:12:48]} 21. a4 {[%clk 0:19:43]} a6 {[%clk 0:13:14]}
22. axb5 {[%clk 0:19:10]} axb5 {[%clk 0:13:43]} 23. Ra3 {[%clk 0:18:27]} h5
{[%clk 0:13:37]} 24. Nc2 {[%clk 0:13:36]} Kg7 {[%clk 0:13:26]} 25. Ra2
{[%clk 0:12:26]} Bf5 {[%clk 0:09:00]} 26. Na3 {[%clk 0:12:11]} h4
{[%clk 0:06:56]} 27. Nxb5 {[%clk 0:11:57]} Rxb5 {[%clk 0:05:31]} 28. Bxb5
{[%clk 0:12:22]} hxg3 {[%clk 0:05:57]} 29. Bxc6 {[%clk 0:11:59]} gxf2+
{[%clk 0:05:59]} 30. Kxf2 {[%clk 0:12:22]} Qxc6 {[%clk 0:06:17]} 31. Rh1
{[%clk 0:12:42]} Be4 {[%clk 0:05:52]} 32. Ra5 {[%clk 0:05:49]} Qe6
{[%clk 0:05:15]} 33. Qf4 {[%clk 0:04:29]} Bd3 {[%clk 0:04:08]} 34. Re1
{[%clk 0:04:03]} Qc8 {[%clk 0:03:48]} 35. Qe3 {[%clk 0:03:06]} Be4
{[%clk 0:03:42]} 36. Rh1 {[%clk 0:02:55]} Qg4 {[%clk 0:01:52]} 37. b5
{[%clk 0:01:41]} Bxf3 {[%clk 0:01:16]} 38. gxf3 {[%clk 0:02:04]} Qxd4
{[%clk 0:01:44]} 39. Qxd4 {[%clk 0:02:12]} Bxd4+ {[%clk 0:02:13]} 40. Ke2
{[%clk 0:02:34]} Bxc5 {[%clk 0:02:37]} 41. Rc1 {[%clk 0:02:53]} Bd4
{[%clk 0:02:30]} 42. Kd3 {[%clk 0:02:45]} e5 {[%clk 0:02:57]} 43. Rc6
{[%clk 0:02:42]} Kh6 {[%clk 0:01:54]} 44. b6 {[%clk 0:01:35]} Kg5
{[%clk 0:01:56]} 45. b7 {[%clk 0:01:38]} Rb8 {[%clk 0:02:12]} 46. Rb5
{[%clk 0:01:31]} Kf4 {[%clk 0:01:40]} 47. Rf6+ {[%clk 0:01:54]} Kg5
{[%clk 0:02:08]} 48. Rxf7 {[%clk 0:02:18]} 1-0

[Event "O Pohár mìsta Øíèany 2015 - OPEN A"]
[Site "Øíèany"]
[Date "2015.08.27"]
[Round "7.3"]
[White "Vojta, Tomas"]
[Black "Rut, Vojtech"]
[Result "0-1"]
[WhiteElo "2387"]
[BlackElo "2090"]
[PlyCount "0"]
[EventDate "2015.08.22"]

1. e4 {[%clk 1:30:57]} c6 {[%clk 1:30:43]} 2. d4 {[%clk 1:30:48]} d5
{[%clk 1:31:09]} 3. e5 {[%clk 1:30:39]} Bf5 {[%clk 1:31:35]} 4. Nc3
{[%clk 1:30:22]} e6 {[%clk 1:30:53]} 5. g4 {[%clk 1:30:03]} Bg6 {[%clk 1:30:58]}
6. Nge2 {[%clk 1:29:46]} c5 {[%clk 1:30:19]} 7. Be3 {[%clk 1:29:27]} Nc6
{[%clk 1:24:00]} 8. dxc5 {[%clk 1:29:08]} Nxe5 {[%clk 1:23:55]} 9. Nd4
{[%clk 1:29:22]} Nd7 {[%clk 1:23:43]} 10. Nb3 {[%clk 1:27:17]} h5
{[%clk 1:23:09]} 11. Qe2 {[%clk 1:11:20]} hxg4 {[%clk 1:23:01]} 12. O-O-O
{[%clk 1:10:40]} Ngf6 {[%clk 1:20:13]} 13. Bg2 {[%clk 1:08:44]} Be7
{[%clk 1:19:31]} 14. Kb1 {[%clk 1:06:46]} Kf8 {[%clk 1:16:06]} 15. h3
{[%clk 0:58:41]} g3 {[%clk 1:11:50]} 16. fxg3 {[%clk 0:58:09]} a5
{[%clk 1:11:53]} 17. Qb5 {[%clk 0:52:19]} Qc7 {[%clk 1:10:03]} 18. Bf4
{[%clk 0:43:59]} Qc6 {[%clk 1:08:53]} 19. Qxc6 {[%clk 0:42:07]} bxc6
{[%clk 1:09:21]} 20. Na4 {[%clk 0:41:33]} Be4 {[%clk 1:01:46]} 21. Rd2
{[%clk 0:37:42]} e5 {[%clk 0:54:18]} 22. Bg5 {[%clk 0:36:39]} Bxg2
{[%clk 0:53:32]} 23. Rxg2 {[%clk 0:37:06]} Ne4 {[%clk 0:53:27]} 24. Bxe7+
{[%clk 0:35:23]} Kxe7 {[%clk 0:53:56]} 25. g4 {[%clk 0:30:11]} Rh4
{[%clk 0:50:45]} 26. a3 {[%clk 0:28:16]} Ke6 {[%clk 0:41:56]} 27. Kc1
{[%clk 0:24:20]} f6 {[%clk 0:37:56]} 28. Rhh2 {[%clk 0:24:15]} d4
{[%clk 0:29:52]} 29. Re2 {[%clk 0:21:35]} Kd5 {[%clk 0:30:01]} 30. Re1
{[%clk 0:18:58]} Ra6 {[%clk 0:25:02]} 31. Nb6+ {[%clk 0:13:47]} Nxb6
{[%clk 0:25:31]} 32. cxb6 {[%clk 0:14:11]} Nc5 {[%clk 0:21:37]} 33. Nxc5
{[%clk 0:11:40]} Kxc5 {[%clk 0:22:05]} 34. g5 {[%clk 0:11:23]} Rxb6
{[%clk 0:21:39]} 35. Rf2 {[%clk 0:11:08]} Rxh3 {[%clk 0:19:42]} 36. gxf6
{[%clk 0:11:34]} gxf6 {[%clk 0:20:03]} 37. Rxf6 {[%clk 0:12:03]} Kd5
{[%clk 0:19:35]} 38. b3 {[%clk 0:11:12]} Rb8 {[%clk 0:16:59]} 39. Rf7
{[%clk 0:10:30]} Re3 {[%clk 0:15:17]} 40. Rh1 {[%clk 0:09:44]} a4
{[%clk 0:14:18]} 41. bxa4 Rxa3 {[%clk 0:13:42]} 42. Rh5 {[%clk 0:07:48]} Re8
{[%clk 0:12:42]} 43. Ra7 {[%clk 0:06:59]} Kc4 {[%clk 0:12:09]} 44. Kb2
{[%clk 0:04:38]} Re3 {[%clk 0:12:38]} 45. Rh6 {[%clk 0:04:43]} Rb8+
{[%clk 0:12:33]} 46. Ka2 {[%clk 0:03:47]} c5 {[%clk 0:12:16]} 47. a5
{[%clk 0:03:57]} Rb4 {[%clk 0:08:20]} 48. Rb6 {[%clk 0:02:17]} Ra4+
{[%clk 0:08:49]} 49. Kb2 {[%clk 0:02:41]} Rea3 {[%clk 0:08:03]} 50. Re7
{[%clk 0:02:08]} Ra1 {[%clk 0:07:38]} 0-1

[Event "O Pohár mìsta Øíèany 2015 - OPEN A"]
[Site "Øíèany"]
[Date "2015.08.27"]
[Round "7.4"]
[White "Gregor, Jiri"]
[Black "Vesselovsky, Serguei"]
[Result "1/2-1/2"]
[WhiteElo "2242"]
[BlackElo "2348"]
[PlyCount "0"]
[EventDate "2015.08.22"]

1. d4 Nf6 2. c4 e6 3. Nf3 b6 4. Nc3 Bb4 5. Qb3 c5 6. Bg5 Nc6 7. dxc5 Na5 8. Qc2
h6 9. Bh4 d6 10. O-O-O Bxc3 11. Qxc3 e5 12. Qc2 g5 13. Bg3 {dále neèitelné}
1/2-1/2

[Event "O Pohár mìsta Øíèany 2015 - OPEN A"]
[Site "Øíèany"]
[Date "2015.08.27"]
[Round "7.5"]
[White "Moravec, Vit"]
[Black "Hradecky, Ivo"]
[Result "1/2-1/2"]
[WhiteElo "2209"]
[BlackElo "1965"]
[PlyCount "0"]
[EventDate "2015.08.22"]

1. e4 d6 2. d4 Nf6 3. Nc3 g6 4. Be3 c6 5. h3 Bg7 6. f4 O-O 7. Nf3 Nbd7 8. Bd3
c5 9. e5 Ne8 10. O-O cxd4 11. Bxd4 dxe5 12. Bxe5 Nxe5 13. fxe5 Qb6+ 14. Kh1 Qxb2
15. Qe1 Qb4 16. Rb1 Qa5 17. Rb5 Qd8 18. Rd5 Qc7 19. Rd4 Be6 20. Rh4 h6 21. Nb5
Qb6 22. Nbd4 Nc7 23. Qg3 Rad8 24. c3 Qc5 25. Nxe6 Nxe6 26. Bc4 Qc6 27. Bb3 Rd3
28. Rc4 Qd7 29. Qg4 b5 30. Rd4 Rxd4 31. Nxd4 Nc5 32. Qxd7 Nxd7 33. e6 fxe6
34. Bxe6+ Kh7 35. Re1 Nc5 36. Nxb5 Nd3 37. Rb1 Rb8 38. c4 Rb6 39. Bd5 a6 40. Nc3
Rxb1+ 41. Nxb1 Bd4 42. Nd2 Kg7 43. Nb3 Bb6 44. g3 Kf6 45. Kg2 e6 46. Be4 Nc5
47. Kf3 Nxb3 48. axb3 g5 49. b4 Bd4 50. c5 a5 51. c6 Bb6 52. b5 h5 53. Bc2 Ke5
54. Bb3 Kf5 55. g4+ hxg4+ 56. hxg4+ Ke5 57. Ba2 a4 58. Bc4 Kd4 59. Bxe6 Kc5
60. Ke4 Kxb5 61. Kd5 Bc7 62. Bf5 Bf4 63. Bd7 Bc7 64. Bf5 Bf4 65. Bd3+ Kb6
66. Bc4 Bc7 67. Ba2 1/2-1/2

[Event "O Pohár mìsta Øíèany 2015 - OPEN A"]
[Site "Øíèany"]
[Date "2015.08.27"]
[Round "7.6"]
[White "Starek, Stanislav"]
[Black "Nova, Michaela"]
[Result "1/2-1/2"]
[WhiteElo "2165"]
[BlackElo "1828"]
[PlyCount "0"]
[EventDate "2015.08.22"]

1. d4 Nf6 2. Nf3 g6 3. Nc3 d5 4. Bf4 Bg7 5. Qd2 c6 6. O-O-O Nbd7 7. Bh6 O-O
8. Bxg7 Kxg7 9. h4 h5 10. Ne5 a5 11. f3 Qc7 12. Qg5 b5 13. g4 Rh8 14. Rg1 Nxe5
15. dxe5 Nd7 16. gxh5 Qxe5 17. hxg6 Qxg5+ 18. hxg5 Kxg6 19. e4 b4 20. Ne2 dxe4
21. fxe4 Ne5 22. Nf4+ Kg7 23. Be2 Ba6 24. Nh5+ Kf8 25. Bxa6 Rxh5 26. Be2 Rh2
27. Rh1 Rxh1 28. Rxh1 Kg7 29. Kd2 Kg6 30. Rg1 Rh8 31. Rg2 Rh3 32. Bg4 Nxg4
33. Rxg4 Rh5 34. Kd3 Rxg5 35. Rf4 f6 36. Kc4 Kf7 37. c3 bxc3 38. Kxc3 Ke6
39. Kd4 Rb5 40. Rf2 Kd6 41. Rc2 f5 42. exf5 Rxf5 43. Rh2 e5+ 44. Ke4 Rf4+
45. Ke3 Rg4 46. Rd2+ Rd4 47. Rh2 c5 48. Rg2 Kd5 49. Rh2 Rg4 50. Rh8 Rg3+ 51. Kf2
Rd3 52. Ke2 c4 53. Rd8+ Ke4 54. Rc8 Kd4 1/2-1/2

[Event "O Pohár mìsta Øíèany 2015 - OPEN A"]
[Site "Øíèany"]
[Date "2015.08.27"]
[Round "7.7"]
[White "Franek, Jan"]
[Black "Kotyk, Vaclav"]
[Result "0-1"]
[WhiteElo "1914"]
[BlackElo "2160"]
[PlyCount "0"]
[EventDate "2015.08.22"]

1. e4 c5 2. Nf3 e6 3. d4 cxd4 4. Nxd4 Nc6 5. Be3 Qc7 6. Bc4 Nf6 7. Nc3 a6
8. Bb3 b5 9. Qe2 Be7 10. O-O-O O-O 11. g4 b4 12. Nxc6 dxc6 13. Na4 c5 14. f3 Bd7
15. g5 Bb5 16. Bc4 Bxa4 17. gxf6 Bxf6 18. f4 Bd4 19. Rhg1 Bb5 20. Bxd4 cxd4
21. Qg4 g6 22. Bd3 Rac8 23. Rg2 Bxd3 24. Rxd3 Qa5 25. f5 b3 26. axb3 Qa1+
27. Kd2 Qxb2 28. Qd1 Rc3 29. Ke1 Rfc8 30. Rxd4 Rxc2 31. f6 h5 32. Rxc2 Rxc2
33. Rd8+ Kh7 34. Rd2 Rxd2 35. Qxd2 Qxd2+ 36. Kxd2 g5 37. Ke3 Kg6 0-1

[Event "O Pohár mìsta Øíèany 2015 - OPEN A"]
[Site "Øíèany"]
[Date "2015.08.27"]
[Round "7.8"]
[White "Parizek, Vojtech"]
[Black "Hrdina, Robin"]
[Result "0-1"]
[WhiteElo "1886"]
[BlackElo "2144"]
[PlyCount "0"]
[EventDate "2015.08.22"]

1. e4 c5 2. Nf3 e6 3. d4 cxd4 4. Nxd4 a6 5. g3 d5 6. Nf3 Nf6 7. exd5 exd5
8. Bg2 Be7 9. O-O O-O 10. Nc3 Bg4 11. h3 Be6 12. Re1 Nc6 13. Be3 Qd7 14. Kh2
Rad8 15. Nd4 h6 16. Qe2 Bd6 17. Rad1 b5 18. Qf3 b4 19. Nce2 Ne5 20. Qf4 Neg4+
0-1

[Event "O Pohár mìsta Øíèany 2015 - OPEN A"]
[Site "Øíèany"]
[Date "2015.08.27"]
[Round "7.9"]
[White "Zizka, Petr"]
[Black "Hadzala, Daniel"]
[Result "0-1"]
[WhiteElo "1886"]
[BlackElo "2045"]
[PlyCount "0"]
[EventDate "2015.08.22"]

1. b3 d6 2. Bb2 e5 3. e3 Nd7 4. Ne2 c6 5. d4 Qc7 6. Nbc3 Ngf6 7. dxe5 dxe5
8. Ng3 Nc5 9. Bd3 g6 10. f4 Bg4 11. Qd2 O-O-O 12. fxe5 Nfd7 13. Nce4 Nxe5
14. Qc3 Ncxd3+ 15. cxd3 Bb4 0-1

[Event "O Pohár mìsta Øíèany 2015 - OPEN A"]
[Site "Øíèany"]
[Date "2015.08.27"]
[Round "7.10"]
[White "Stanek, Ondrej"]
[Black "Horak, Martin"]
[Result "0-1"]
[WhiteElo "1637"]
[BlackElo "2019"]
[PlyCount "0"]
[EventDate "2015.08.22"]

1. e4 d6 2. d4 Nf6 3. Nc3 g6 4. f4 Bg7 5. Nf3 O-O 6. Bd3 Nc6 7. e5 dxe5 8. fxe5
Nd7 9. O-O Nb4 10. Be4 c5 11. Be3 Qc7 12. a3 Nc6 13. Nd5 Qd8 14. c3 Nb6 15. Nxb6
Qxb6 16. Qe2 Bg4 17. Qf2 Bxf3 18. Bxf3 Rad8 19. Rad1 Qb3 20. Rd2 Na5 21. Bd1 Qc4
22. Be2 Qd5 23. dxc5 Qe6 24. Rxd8 Rxd8 25. Bd4 Nc6 26. Bf3 Bxe5 27. Bxe5 Nxe5
28. Bxb7 Nd3 29. Qg3 Nxc5 30. Bf3 Nd3 31. Bg4 f5 32. Bd1 Nxb2 33. Bc2 Qd6
34. Qg5 Qc5+ 35. Kh1 Nd3 36. Bxd3 Rxd3 37. h4 Qe3 38. Qxe3 Rxe3 39. Rc1 Kf7
40. Kg1 Ke6 41. Kf2 Re4 42. g3 Ra4 43. Ra1 Kd5 44. Ke3 Kc4 45. Kd2 e5 46. Re1 e4
47. Ra1 h6 48. Ke3 Kxc3 49. Rc1+ Kb2 50. Rc6 Rxa3+ 51. Kf2 Rf3+ 52. Kg2 f4
53. gxf4 Rxf4 54. Rxg6 Rxh4 55. Kg3 Rh5 56. Re6 a5 57. Rxe4 Rc5 58. Re6 a4
59. Rb6+ Kc2 60. Rxh6 Ra5 61. Rh2+ Kb3 62. Kf4 a3 63. Rh3+ Kc4 64. Rh1 a2
65. Ra1 Kb3 66. Ke3 Kb2 0-1

[Event "O Pohár mìsta Øíèany 2015 - OPEN A"]
[Site "Øíèany"]
[Date "2015.08.27"]
[Round "7.11"]
[White "Pribyl, Jaroslav"]
[Black "Hollan, Martin"]
[Result "0-1"]
[WhiteElo "1928"]
[BlackElo "2180"]
[PlyCount "0"]
[EventDate "2015.08.22"]

1. d4 Nf6 2. Nf3 e6 3. Bg5 Be7 4. c4 Ne4 5. Bxe7 Qxe7 6. Nc3 Nxc3 7. bxc3 d6
8. e4 e5 9. Bd3 O-O 10. Qc2 Bg4 11. Nd2 Nc6 12. f3 Bc8 13. Qb2 a5 14. a4 b6
15. Nb3 Ba6 16. Rd1 Nb8 17. O-O c5 18. d5 Nd7 19. Nd2 g6 20. Qc2 Qg5 21. Nb1
Rae8 22. Na3 f5 23. Qe2 f4 24. g4 h5 25. h3 hxg4 26. hxg4 Nf6 27. Kg2 0-1

[Event "O Pohár mìsta Øíèany 2015 - OPEN A"]
[Site "Øíèany"]
[Date "2015.08.27"]
[Round "7.12"]
[White "Marikova, Jana"]
[Black "Hurtak, Otto"]
[Result "1-0"]
[WhiteElo "2148"]
[BlackElo "1955"]
[PlyCount "0"]
[EventDate "2015.08.22"]

1. d4 Nf6 2. c4 e6 3. Nf3 Bb4+ 4. Bd2 c5 5. Bxb4 cxb4 6. a3 bxa3 7. Rxa3 O-O
8. Nc3 d6 9. e3 Nc6 10. Be2 e5 11. O-O Re8 12. h3 b6 13. Qa4 Bd7 14. d5 Nd4
15. Qd1 Nxf3+ 16. Bxf3 e4 17. Be2 Re5 18. Qd4 h5 19. Rfa1 g5 20. Rxa7 Rb8 21. b4
Qc8 22. Bf1 h4 23. Na4 Bxh3 24. gxh3 g4 25. Be2 g3 26. Bf1 Qf5 27. Ra2 g2
28. Bxg2 Qg6 29. Kh2 Kh7 30. f4 exf3 31. Qxh4+ Rh5 32. Qg3 Ng4+ 33. Kg1 f2+
34. Rxf2 Rg5 35. Rfxf7+ Kg8 36. Rg7+ Qxg7 37. Rxg7+ 1-0

[Event "O Pohár mìsta Øíèany 2015 - OPEN A"]
[Site "Øíèany"]
[Date "2015.08.27"]
[Round "7.13"]
[White "Skalicky, Tomas"]
[Black "Skubal, Ondrej"]
[Result "1/2-1/2"]
[WhiteElo "2119"]
[BlackElo "1725"]
[PlyCount "0"]
[EventDate "2015.08.22"]

1. d4 Nf6 2. Nc3 d5 3. Bg5 e6 4. e4 dxe4 5. Nxe4 Be7 6. Bxf6 Bxf6 7. Nf3 O-O
8. c3 b6 9. Bd3 Bb7 10. O-O Nd7 11. Qe2 Be7 12. Rad1 Qc8 13. Rfe1 h6 14. Ne5
Nxe5 15. dxe5 c5 16. Qg4 Bxe4 17. Qxe4 g6 18. h4 h5 19. Re3 Kh8 20. Rg3 Rg8
21. Bb5 a6 22. Rd7 axb5 23. Rxe7 Qf8 24. Rb7 Rxa2 25. Rf3 Ra1+ 26. Kh2 Rg7
27. Rf6 Ra4 28. Qc6 Rxh4+ 29. Kg3 Rg4+ 30. Kh2 Rh4+ 31. Kg3 Rg4+ 32. Kf3 Ra4
33. Qxe6 fxe6 34. Rxf8+ Kh7 35. Rxb6 b4 36. Rxe6 bxc3 37. bxc3 Rc4 38. Rc6 Re7
39. e6 Kg7 40. Rf4 Rxc3+ 41. Ke2 g5 42. Re4 Rc2+ 43. Ke3 Kf6 44. Kf3 Rc3+
45. Ke2 Rc2+ 46. Ke1 Kf5 47. Re3 Rb7 48. Rd6 Re7 49. Rd5+ Kf6 50. Rf3+ Kxe6
51. Rxg5 Kd6+ 52. Kd1 Ree2 53. Rxh5 Rcd2+ 1/2-1/2

[Event "O Pohár mìsta Øíèany 2015 - OPEN A"]
[Site "Øíèany"]
[Date "2015.08.27"]
[Round "7.14"]
[White "Kubikova, Hana"]
[Black "Maly, Filip"]
[Result "1-0"]
[WhiteElo "2107"]
[BlackElo "1932"]
[PlyCount "0"]
[EventDate "2015.08.22"]

1. d4 Nf6 2. Nf3 g6 3. c4 Bg7 4. Nc3 O-O 5. Bg5 d6 6. e3 c6 7. Be2 Qc7 8. O-O
a5 9. Rc1 Na6 10. a3 e5 11. d5 Ne8 12. e4 Bg4 13. Nd2 Bc8 14. Be3 f5 15. exf5
Bxf5 16. g4 Bd7 17. Nde4 Nf6 18. Nxf6+ Rxf6 19. Ne4 Rf4 20. Bxf4 exf4 21. c5 Re8
22. Nxd6 Re5 23. Bf3 h5 24. h3 hxg4 25. hxg4 cxd5 26. Bxd5+ Kf8 27. Bf3 Rxc5
28. Rxc5 Nxc5 29. b4 axb4 30. axb4 Ne6 31. Nxb7 Nd4 32. Nc5 Bc6 33. Qxd4 Bxd4
34. Ne6+ Kf7 35. Nxc7 Bxf3 36. g5 Bb6 37. Rc1 Be4 38. Nb5 Ke6 39. Re1 1-0

[Event "O Pohár mìsta Øíèany 2015 - OPEN A"]
[Site "Øíèany"]
[Date "2015.08.27"]
[Round "7.15"]
[White "Skacel, Jan"]
[Black "Stojkovic, Andrea"]
[Result "1-0"]
[WhiteElo "2051"]
[BlackElo "1872"]
[PlyCount "0"]
[EventDate "2015.08.22"]

1. d4 f5 2. g3 Nf6 3. Bg2 d5 4. Nh3 e6 5. O-O Bd6 6. c4 c6 7. b3 O-O 8. Ba3 Ne4
9. Bxd6 Qxd6 10. f3 Nf6 11. Nc3 Nbd7 12. Qd2 e5 13. cxd5 exd4 14. Qxd4 Nb6
15. e4 Re8 16. Rad1 cxd5 17. exd5 Bd7 18. f4 Ng4 19. Rfe1 h6 20. Nf2 Nxf2
21. Kxf2 Rac8 22. Rxe8+ Rxe8 23. Re1 Rxe1 24. Kxe1 Qa3 25. d6 Qb2 26. Qd2 Qxd2+
27. Kxd2 Bc8 28. Nd5 Nxd5 29. Bxd5+ Kf8 30. Ke3 Ke8 31. Kd4 g5 32. Ke5 a5 33. a3
Kd8 34. Bc4 gxf4 35. gxf4 Bd7 36. Bd5 {dále neèitelné} 1-0

[Event "O Pohár mìsta Øíèany 2015 - OPEN A"]
[Site "Øíèany"]
[Date "2015.08.27"]
[Round "7.16"]
[White "Lacina, Filip"]
[Black "Havelka, Petr"]
[Result "1/2-1/2"]
[WhiteElo "2017"]
[BlackElo "1817"]
[PlyCount "0"]
[EventDate "2015.08.22"]

1. e4 d5 2. exd5 Qxd5 3. Nc3 Qd8 4. d4 Nf6 5. Nf3 Bf5 6. Ne5 h6 7. Qf3 Qc8
8. Bc4 e6 9. g4 Bxc2 10. Bf4 Bb4 11. O-O Bxc3 12. bxc3 Be4 13. Qe2 c5 14. f3 Bd5
15. Bd3 cxd4 16. cxd4 Nc6 17. Rac1 Qd8 18. Be3 Nd7 19. Nc4 Nb6 20. Ne5 Nd7
21. f4 Rc8 22. f5 Ndxe5 23. dxe5 Nxe5 24. Bb5+ Nc6 25. Bc5 Qg5 26. Rcd1 Rd8
27. Rfe1 h5 28. h3 hxg4 29. Qxg4 Qxg4+ 30. hxg4 Rh1+ 31. Kf2 Rxe1 32. Rxe1 a6
33. Bxc6+ Bxc6 1/2-1/2

[Event "O Pohár mìsta Øíèany 2015 - OPEN A"]
[Site "Øíèany"]
[Date "2015.08.27"]
[Round "7.17"]
[White "Petras, Milan"]
[Black "Petr, Jakub"]
[Result "1/2-1/2"]
[WhiteElo "1968"]
[BlackElo "1750"]
[PlyCount "0"]
[EventDate "2015.08.22"]

1. d4 Nf6 2. Nf3 g6 3. Bf4 Bg7 4. e3 O-O 5. Bd3 d5 6. h3 c5 7. c3 Nc6 8. Nbd2
Nd7 9. O-O e5 10. dxe5 Ndxe5 11. Nxe5 Nxe5 12. Bc2 b6 13. Nf3 Re8 14. Nxe5 Bxe5
15. Bxe5 1/2-1/2

[Event "O Pohár mìsta Øíèany 2015 - OPEN A"]
[Site "Øíèany"]
[Date "2015.08.27"]
[Round "7.18"]
[White "Hadrava, Jaroslav"]
[Black "Jelinek, Michal"]
[Result "1-0"]
[WhiteElo "1927"]
[BlackElo "2178"]
[PlyCount "0"]
[EventDate "2015.08.22"]

1. e4 e6 2. d4 d5 3. Nc3 Bb4 4. e5 c5 5. Qg4 Ne7 6. dxc5 Bxc3+ 7. bxc3 O-O
8. Nf3 Qc7 9. Bd3 f5 10. exf6 Rxf6 11. Bg5 Rf7 12. Bxe7 Rxe7 13. Qh4 g6 14. O-O
e5 15. c4 d4 16. Rae1 Nc6 17. Be4 Be6 18. Bd5 Rae8 19. Qf6 Nb4 20. Qxe5 Qxe5
21. Rxe5 Bxd5 22. Rxe7 Rxe7 23. cxd5 Nxd5 24. Nxd4 Nc3 25. a3 Re4 26. Nb3 Re2
27. Na5 Rxc2 28. Nxb7 Ne4 29. f3 Nxc5 30. Rb1 Nd3 31. Nd6 Rc1+ 32. Rxc1 Nxc1
33. Kf2 Kg7 34. Ke3 Kf6 35. Nb5 a6 36. Nc7 a5 37. Kd2 Nb3+ 38. Kc3 Nc1 39. Kc4
Ke5 40. a4 Kd6 41. Nb5+ Kc6 42. Nd4+ Kb6 43. Ne6 h6 44. h4 Ne2 45. g4 Ng1
46. Nd4 Nh3 47. Ne2 Nf2 48. Nf4 g5 49. hxg5 hxg5 50. Ne6 Nh3 51. Kd5 Ng1
52. Nxg5 Ne2 53. Kc4 Kc6 54. Ne6 Kd6 55. Nd4 Ng1 56. f4 Nh3 57. Ne2 Kc6 58. g5
1-0

[Event "O Pohár mìsta Øíèany 2015 - OPEN A"]
[Site "Øíèany"]
[Date "2015.08.27"]
[Round "7.19"]
[White "Korsa, Jindrich"]
[Black "Danhel, Lukas"]
[Result "1-0"]
[WhiteElo "2138"]
[BlackElo "1807"]
[PlyCount "0"]
[EventDate "2015.08.22"]

1. e4 c5 2. Nc3 h5 3. f4 g6 4. Nf3 Bg7 5. g3 Nc6 6. Bg2 e6 7. d3 Nge7 8. O-O
O-O 9. Be3 d6 10. d4 d5 11. exd5 exd5 12. Bf2 Bf5 13. dxc5 d4 14. Nb5 d3 15. c3
d2 16. Qa4 Nd5 17. Rad1 a6 18. Nbd4 1-0

[Event "O Pohár mìsta Øíèany 2015 - OPEN A"]
[Site "Øíèany"]
[Date "2015.08.27"]
[Round "7.20"]
[White "Mladek, Richard"]
[Black "Krivanek, Vladimir"]
[Result "0-1"]
[WhiteElo "1960"]
[BlackElo "2105"]
[PlyCount "0"]
[EventDate "2015.08.22"]

1. e4 e6 2. d4 d5 3. Nd2 Be7 4. Ngf3 Nf6 5. e5 Nfd7 6. Bd3 c5 7. c3 Nc6 8. O-O
g5 9. Bb5 g4 10. Ne1 h5 11. Nc2 Qb6 12. Bxc6 bxc6 13. dxc5 Nxc5 14. a4 a5
15. Ra3 Ba6 16. c4 dxc4 17. Rc3 Nxa4 18. Nxc4 Qc7 19. Nd6+ Kf8 20. Ra3 Bxf1
21. Rxa4 Bb5 22. Rf4 Rh7 23. Nd4 Kg8 24. Rxf7 Rxf7 25. Nxe6 Qd7 26. Nc5 Qa7
27. Qc2 Bxd6 28. exd6 Rd8 29. Be3 Rxd6 30. Ne6 Rxe6 0-1